=LDR 00000nam 2200000 4500 =001 INLIS000000000030435 =005 20201216015342 =035 ##$$a 0010-061300000030435 =008 201216################g##########0#ind## =041 ##$$a ind =082 ##$$a 320.5 =090 ##$$a 320.5, NAS p =100 ##$$a Nasution, A.H =245 1#$$a Pembangunan moral inti pembangunan nasional /$c A.H. Nasution =260 ##$$a Surabaya :$b Bina Ilmu,$c 1995 =300 ##$$a x, 316 hlm., ; $c 24 x 15 cm. =650 #4$$a Idiologi Politik =850 ##$$a NBPNMAT =020 ##$$a 979-422-022-092-7 =084 ##$$a 320.5 NAS p =990 ##$$a 92.651/Pb.95 =990 ##$$a 92.349/Pro-95 =990 ##$$a 92.348/Pro-95 =990 ##$$a 92.652/Pb-95 =990 ##$$a 92.350/Pro-95 =990 ##$$a 92.651/Pb-96 =990 ##$$a 00090509 =990 ##$$a 92.652/pb-96 =990 ##$$a 92.348/pro-95